Normal view MARC view
  • Lewis, John,

Entry Personal Name

Number of records used in: 1

001 - CONTROL NUMBER

  • control field: 94352

003 - CONTROL NUMBER IDENTIFIER

  • control field: NUST

005 - DATE AND TIME OF LATEST TRANSACTION

  • control field: 20220721123012.0

008 - FIXED-LENGTH DATA ELEMENTS

  • fixed length control field: 220721|| aca||aabn | a|a d

040 ## - CATALOGING SOURCE

  • Original cataloging agency: NUST
  • Transcribing agency: NUST

100 ## - HEADING--PERSONAL NAME

  • Personal name: Lewis, John,
  • Dates associated with a name: 1963-

670 ## - SOURCE DATA FOUND

  • Source citation: Work cat.: (NUST)179483: Dale, Nell B. 36735, Computer science illuminated / , c2007.
© 2023 Central Library, National University of Sciences and Technology. All Rights Reserved.